[Event "Czech Open A 1-44"]
[Site "?"]
[Date "2013.07.27"]
[Round "9.2"]
[White "Oleksienko, Mikhailo"]
[Black "Laznicka, Viktor"]
[Result "1-0"]
[LiveChessVersion "1.4.2"]
[BlackElo "2684"]
[WhiteElo "2568"]

1. d4 {[%clk 1:30:55]} Nf6 {[%clk 1:30:33]} 2. c4 {[%clk 1:31:11]} e6
{[%clk 1:30:59]} 3. Nf3 {[%clk 1:31:25]} d5 {[%clk 1:31:25]} 4. Nc3
{[%clk 1:31:33]} dxc4 {[%clk 1:31:50]} 5. Qa4+ {[%clk 1:28:48]} c6
{[%clk 1:26:12]} 6. Qxc4 {[%clk 1:27:41]} b5 {[%clk 1:26:37]} 7. Qd3
{[%clk 1:28:07]} Nbd7 {[%clk 1:22:11]} 8. a3 {[%clk 1:25:14]} a6 {[%clk 1:21:45]}
9. e4 {[%clk 1:22:41]} c5 {[%clk 1:22:02]} 10. e5 {[%clk 1:16:41]} c4
{[%clk 1:22:02]} 11. Qe2 {[%clk 1:11:11]} Nd5 {[%clk 1:22:24]} 12. Nxd5
{[%clk 1:10:18]} exd5 {[%clk 1:22:49]} 13. g3 {[%clk 1:03:44]} Be7
{[%clk 1:21:00]} 14. Bg2 {[%clk 1:02:25]} Nf8 {[%clk 1:21:10]} 15. O-O
{[%clk 1:00:33]} Bf5 {[%clk 1:21:34]} 16. Rd1 {[%clk 0:58:15]} Ne6
{[%clk 1:21:34]} 17. Ne1 {[%clk 0:56:37]} h5 {[%clk 0:54:14]} 18. Nc2
{[%clk 0:52:35]} Rc8 {[%clk 0:51:51]} 19. Ne3 {[%clk 0:44:31]} Bd3
{[%clk 0:52:00]} 20. Rxd3 {[%clk 0:44:58]} cxd3 {[%clk 0:52:25]} 21. Qxd3
{[%clk 0:45:26]} Qb6 {[%clk 0:52:50]} 22. Nf5 {[%clk 0:45:00]} g6
{[%clk 0:11:55]} 23. Nxe7 {[%clk 0:44:07]} Kxe7 {[%clk 0:12:19]} 24. Bxd5
{[%clk 0:43:36]} Rhd8 {[%clk 0:12:24]} 25. Bxe6 {[%clk 0:40:28]} Kxe6
{[%clk 0:09:48]} 26. Qf3 {[%clk 0:27:50]} f5 {[%clk 0:10:06]} 27. exf6
{[%clk 0:27:18]} Qc6 {[%clk 0:10:31]} 28. Qe2+ {[%clk 0:18:37]} Kxf6
{[%clk 0:09:53]} 29. Bf4 {[%clk 0:18:17]} Kf7 {[%clk 0:09:46]} 30. Be5
{[%clk 0:18:28]} Kg8 {[%clk 0:05:38]} 31. Qe3 {[%clk 0:17:47]} Rd7
{[%clk 0:04:12]} 32. Qh6 {[%clk 0:17:32]} Rh7 {[%clk 0:03:52]} 33. Qg5
{[%clk 0:17:54]} Rd7 {[%clk 0:01:48]} 34. Re1 {[%clk 0:15:10]} Kh7
{[%clk 0:02:05]} 35. Bf4 {[%clk 0:13:20]} Kg8 {[%clk 0:02:10]} 36. Rc1
{[%clk 0:13:33]} 1-0

[Event "Czech Open A 1-44"]
[Site "?"]
[Date "2013.07.27"]
[Round "9.5"]
[White "Mirzoev, Azer"]
[Black "Belyakov, Bogdan"]
[Result "1/2-1/2"]
[LiveChessVersion "1.4.2"]
[BlackElo "2430"]
[WhiteElo "2536"]

1. d4 {[%clk 1:29:45]} Nf6 {[%clk 1:29:59]} 2. Nf3 {[%clk 1:30:11]} g6
{[%clk 1:30:25]} 3. g3 {[%clk 1:30:37]} Bg7 {[%clk 1:30:50]} 4. Bg2
{[%clk 1:31:05]} O-O {[%clk 1:31:04]} 5. O-O {[%clk 1:31:28]} d6 {[%clk 1:31:31]}
6. b3 {[%clk 1:31:44]} c5 {[%clk 1:31:53]} 7. Bb2 {[%clk 1:31:59]} cxd4
{[%clk 1:32:19]} 8. Nxd4 {[%clk 1:32:24]} d5 {[%clk 1:32:46]} 9. Na3
{[%clk 1:32:12]} e5 {[%clk 1:33:10]} 10. Nf3 {[%clk 1:32:33]} e4 {[%clk 1:33:37]}
11. Nd4 {[%clk 1:32:56]} h5 {[%clk 1:34:02]} 12. c4 {[%clk 1:33:08]} h4
{[%clk 1:34:27]} 13. cxd5 {[%clk 1:32:53]} hxg3 {[%clk 1:34:53]} 14. fxg3
{[%clk 1:29:57]} Nxd5 {[%clk 1:27:29]} 15. Qd2 {[%clk 1:23:50]} f5
{[%clk 1:17:24]} 16. Rad1 {[%clk 1:18:38]} Nc6 {[%clk 1:09:35]} 17. Nac2
{[%clk 1:03:51]} Nc7 {[%clk 0:51:50]} 18. Nxc6 {[%clk 0:53:26]} Qxd2
{[%clk 0:52:12]} 19. Ne7+ {[%clk 0:52:14]} Kh7 {[%clk 0:51:25]} 20. Rxd2
{[%clk 0:52:17]} Bxb2 {[%clk 0:51:51]} 21. Bxe4 {[%clk 0:45:07]} Rb8
{[%clk 0:42:53]} 22. Nxc8 {[%clk 0:36:57]} Rfxc8 {[%clk 0:43:15]} 23. Ne3
{[%clk 0:26:01]} Re8 {[%clk 0:40:14]} 24. Bf3 {[%clk 0:26:07]} Bg7
{[%clk 0:38:16]} 25. Rd7 {[%clk 0:20:23]} Nb5 {[%clk 0:38:17]} 26. Nc4
{[%clk 0:19:28]} Nc3 {[%clk 0:34:39]} 27. Kf2 {[%clk 0:19:19]} b5
{[%clk 0:33:51]} 28. Na5 {[%clk 0:04:22]} Rbd8 {[%clk 0:29:02]} 29. Rxa7
{[%clk 0:04:15]} Rd2 {[%clk 0:28:50]} 30. Re1 {[%clk 0:04:39]} Rxa2
{[%clk 0:28:05]} 31. Kf1 {[%clk 0:04:08]} Ne4 {[%clk 0:22:33]} 32. Nc6
{[%clk 0:03:32]} Nd2+ {[%clk 0:21:19]} 33. Kg2 {[%clk 0:03:37]} Nxf3
{[%clk 0:19:17]} 34. Kxf3 {[%clk 0:04:02]} Rb2 {[%clk 0:19:03]} 35. b4
{[%clk 0:02:21]} Kh6 {[%clk 0:17:17]} 36. e3 {[%clk 0:01:36]} Rxh2
{[%clk 0:16:03]} 37. Re2 {[%clk 0:01:40]} Rxe2 {[%clk 0:15:50]} 38. Kxe2
{[%clk 0:02:04]} Bf6 {[%clk 0:14:18]} 39. Kf3 {[%clk 0:00:47]} Re4
{[%clk 0:13:01]} 40. Rb7 {[%clk 0:30:54]} Bg5 {[%clk 0:41:00]} 41. Rxb5
{[%clk 0:31:12]} Rxe3+ {[%clk 0:41:24]} 42. Kg2 {[%clk 0:30:53]} Bf6
{[%clk 0:37:16]} 43. Rc5 {[%clk 0:30:30]} Rb3 {[%clk 0:36:08]} 44. Rc4
{[%clk 0:30:08]} Kg5 {[%clk 0:34:50]} 45. Nd4 {[%clk 0:29:49]} Rb2+
{[%clk 0:34:22]} 46. Kf3 {[%clk 0:27:15]} Be5 {[%clk 0:31:22]} 47. Ne2
{[%clk 0:26:35]} Rb3+ {[%clk 0:30:38]} 48. Kg2 {[%clk 0:26:52]} Bd6
{[%clk 0:28:14]} 49. Rc6 {[%clk 0:26:11]} Rb2 {[%clk 0:25:13]} 50. Rxd6
{[%clk 0:26:12]} Rxe2+ {[%clk 0:25:36]} 51. Kf3 {[%clk 0:26:38]} Re4
{[%clk 0:25:48]} 52. Rb6 {[%clk 0:26:56]} Rc4 {[%clk 0:25:35]} 53. b5
{[%clk 0:22:50]} Rc3+ {[%clk 0:25:49]} 54. Kg2 {[%clk 0:23:17]} Rb3
{[%clk 0:26:09]} 55. Rc6 {[%clk 0:23:43]} Rxb5 {[%clk 0:26:29]} 56. Rc4
{[%clk 0:24:11]} Rb2+ {[%clk 0:25:53]} 57. Kf3 {[%clk 0:24:13]} Rb3+
{[%clk 0:26:20]} 58. Kg2 {[%clk 0:24:38]} Re3 {[%clk 0:26:42]} 59. Ra4
{[%clk 0:24:37]} Re4 {[%clk 0:26:48]} 60. Ra6 {[%clk 0:25:04]} Kh5
{[%clk 0:26:37]} 61. Kf3 {[%clk 0:25:13]} Rb4 {[%clk 0:26:02]} 62. Rc6
{[%clk 0:25:19]} Rb3+ {[%clk 0:26:15]} 63. Kg2 {[%clk 0:25:39]} g5
{[%clk 0:25:14]} 64. Rc4 {[%clk 0:26:06]} Re3 {[%clk 0:25:31]} 65. g4+
{[%clk 0:26:10]} fxg4 {[%clk 0:25:54]} 66. Rc8 {[%clk 0:26:32]} g3
{[%clk 0:25:52]} 67. Rc4 {[%clk 0:26:54]} Ra3 {[%clk 0:26:15]} 1/2-1/2

[Event "Czech Open A 1-44"]
[Site "?"]
[Date "2013.07.27"]
[Round "9.6"]
[White "Dourerassou, Jonathan"]
[Black "Shyam, Sundar"]
[Result "0-1"]
[LiveChessVersion "1.4.2"]
[BlackElo "2505"]
[WhiteElo "2476"]

1. e4 {[%clk 1:30:57]} e5 {[%clk 1:30:21]} 2. Nf3 {[%clk 1:31:20]} Nc6
{[%clk 1:30:27]} 3. d4 {[%clk 1:31:44]} exd4 {[%clk 1:30:52]} 4. Nxd4
{[%clk 1:32:09]} Bc5 {[%clk 1:31:13]} 5. Be3 {[%clk 1:30:45]} Qf6
{[%clk 1:31:32]} 6. c3 {[%clk 1:31:07]} Nge7 {[%clk 1:31:54]} 7. Bc4
{[%clk 1:31:26]} b6 {[%clk 1:32:18]} 8. O-O {[%clk 0:49:40]} Bb7 {[%clk 1:31:56]}
9. Nb5 {[%clk 0:46:14]} O-O-O {[%clk 1:32:07]} 10. Bxc5 {[%clk 0:46:31]} bxc5
{[%clk 1:32:32]} 11. Nd2 {[%clk 0:46:35]} Ne5 {[%clk 0:45:39]} 12. Nxa7+
{[%clk 0:36:26]} Kb8 {[%clk 0:46:04]} 13. Nb5 {[%clk 0:36:48]} d5
{[%clk 0:45:44]} 14. exd5 {[%clk 0:23:12]} Nxd5 {[%clk 0:44:28]} 15. Ne4
{[%clk 0:20:33]} Qf4 {[%clk 0:21:13]} 16. Bxd5 {[%clk 0:20:01]} Rxd5
{[%clk 0:21:39]} 17. Qe2 {[%clk 0:20:26]} f5 {[%clk 0:22:06]} 18. Nxc7
{[%clk 0:05:21]} Kxc7 {[%clk 0:20:59]} 19. Ng3 {[%clk 0:05:46]} c4
{[%clk 0:13:43]} 20. Rad1 {[%clk 0:04:48]} Rhd8 {[%clk 0:12:48]} 21. Rxd5
{[%clk 0:02:20]} Rxd5 {[%clk 0:13:16]} 22. Qh5 {[%clk 0:02:44]} Qg4
{[%clk 0:11:05]} 23. Qxh7 {[%clk 0:02:10]} f4 {[%clk 0:07:25]} 24. f3
{[%clk 0:02:37]} Qg6 {[%clk 0:07:29]} 25. Qxg6 {[%clk 0:03:03]} Nxg6
{[%clk 0:07:58]} 26. Ne4 {[%clk 0:03:32]} Rb5 {[%clk 0:06:01]} 27. Rf2
{[%clk 0:02:35]} Ne5 {[%clk 0:06:12]} 28. Rd2 {[%clk 0:02:44]} Bxe4
{[%clk 0:02:08]} 29. fxe4 {[%clk 0:03:11]} Ra5 {[%clk 0:02:23]} 30. b3
{[%clk 0:02:54]} Ra3 {[%clk 0:02:49]} 31. Rd5 {[%clk 0:01:33]} Rxa2
{[%clk 0:02:45]} 32. bxc4 {[%clk 0:00:45]} Ng4 {[%clk 0:03:11]} 33. Rd1
{[%clk 0:00:52]} Ne3 {[%clk 0:03:30]} 34. Re1 {[%clk 0:00:39]} Rxg2+
{[%clk 0:03:55]} 35. Kh1 {[%clk 0:01:08]} Rc2 {[%clk 0:03:42]} 36. h4
{[%clk 0:01:01]} f3 {[%clk 0:03:44]} 37. Rxe3 {[%clk 0:01:06]} Rc1+
{[%clk 0:04:12]} 38. Kh2 {[%clk 0:01:30]} f2 {[%clk 0:04:41]} 39. Rf3
{[%clk 0:01:56]} f1=Q {[%clk 0:05:06]} 40. Rxf1 {[%clk 0:32:22]} Rxf1
{[%clk 0:35:35]} 41. Kg3 {[%clk 0:32:30]} Kd6 {[%clk 0:35:58]} 42. Kg4
{[%clk 0:32:29]} Ke5 {[%clk 0:36:20]} 0-1

[Event "Czech Open A 1-44"]
[Site "?"]
[Date "2013.07.27"]
[Round "9.7"]
[White "Schlosser, Philipp"]
[Black "Narayanan, Srinath"]
[Result "1/2-1/2"]
[LiveChessVersion "1.4.2"]
[BlackElo "2475"]
[WhiteElo "2602"]

1. Nf3 {[%clk 1:30:30]} c5 {[%clk 1:24:58]} 2. c4 {[%clk 1:30:07]} Nc6
{[%clk 1:25:18]} 3. Nc3 {[%clk 1:30:17]} e5 {[%clk 1:25:27]} 4. g3
{[%clk 1:30:41]} g6 {[%clk 1:25:49]} 5. Bg2 {[%clk 1:31:06]} Bg7 {[%clk 1:26:11]}
6. a3 {[%clk 1:31:19]} a5 {[%clk 1:25:22]} 7. O-O {[%clk 1:31:31]} d6
{[%clk 1:25:45]} 8. d3 {[%clk 1:31:44]} Nge7 {[%clk 1:26:09]} 9. Rb1
{[%clk 1:31:51]} O-O {[%clk 1:26:15]} 10. Bg5 {[%clk 1:31:57]} f6
{[%clk 1:25:12]} 11. Bd2 {[%clk 1:32:18]} Be6 {[%clk 1:25:27]} 12. Ne1
{[%clk 1:32:41]} Rb8 {[%clk 1:20:47]} 13. Nc2 {[%clk 1:30:25]} d5
{[%clk 1:18:57]} 14. cxd5 {[%clk 1:30:52]} Nxd5 {[%clk 1:19:20]} 15. Ne3
{[%clk 1:28:23]} Nde7 {[%clk 1:19:24]} 16. Na4 {[%clk 1:28:42]} b6
{[%clk 1:14:38]} 17. b4 {[%clk 1:28:51]} axb4 {[%clk 1:04:19]} 18. axb4
{[%clk 1:29:15]} Qd6 {[%clk 1:04:39]} 19. bxc5 {[%clk 1:08:17]} bxc5
{[%clk 1:04:59]} 20. Rb6 {[%clk 1:07:30]} f5 {[%clk 0:49:11]} 21. Bc3
{[%clk 1:04:52]} Rxb6 {[%clk 0:47:16]} 22. Nxb6 {[%clk 1:05:20]} Nd4
{[%clk 0:40:17]} 23. Nec4 {[%clk 0:58:41]} Qc7 {[%clk 0:40:38]} 24. e3
{[%clk 0:45:01]} Nb5 {[%clk 0:40:59]} 25. Ba5 {[%clk 0:45:00]} Nc6
{[%clk 0:40:20]} 26. Bd2 {[%clk 0:38:50]} Rd8 {[%clk 0:31:05]} 27. Qc2
{[%clk 0:24:02]} Nb4 {[%clk 0:12:25]} 28. Qa4 {[%clk 0:24:26]} Nd6
{[%clk 0:12:51]} 29. Bxb4 {[%clk 0:21:43]} Nxc4 {[%clk 0:13:11]} 30. dxc4
{[%clk 0:16:39]} Qxb6 {[%clk 0:11:56]} 31. Ba5 {[%clk 0:16:57]} Qa6
{[%clk 0:12:18]} 32. Bb7 {[%clk 0:14:13]} Qa7 {[%clk 0:12:43]} 33. Rb1
{[%clk 0:11:56]} Kh8 {[%clk 0:01:26]} 34. Bc6 {[%clk 0:08:05]} Rb8
{[%clk 0:01:34]} 35. Rb5 {[%clk 0:07:20]} Bf8 {[%clk 0:00:38]} 36. Kg2
{[%clk 0:05:44]} Bd6 {[%clk 0:00:48]} 37. e4 {[%clk 0:04:01]} Rxb5
{[%clk 0:00:38]} 38. Qxb5 {[%clk 0:03:59]} Qf7 {[%clk 0:00:34]} 39. Bd5
{[%clk 0:02:33]} fxe4 {[%clk 0:01:02]} 40. Bxe6 {[%clk 0:31:18]} Qxe6
{[%clk 0:30:53]} 41. Qc6 {[%clk 0:31:46]} e3 {[%clk 0:28:20]} 42. fxe3
{[%clk 0:26:14]} e4 {[%clk 0:27:10]} 43. Bc7 {[%clk 0:20:58]} Qxc4
{[%clk 0:22:23]} 44. Qxd6 {[%clk 0:20:34]} Qe2+ {[%clk 0:22:49]} 45. Kh3
{[%clk 0:20:40]} Qh5+ {[%clk 0:23:14]} 46. Kg2 {[%clk 0:21:05]} Qe2+
{[%clk 0:23:41]} 47. Kh3 {[%clk 0:21:23]} Qh5+ {[%clk 0:24:07]} 48. Kg2
{[%clk 0:21:48]} 1/2-1/2

[Event "Czech Open A 1-44"]
[Site "?"]
[Date "2013.07.27"]
[Round "9.8"]
[White "Stupak, Kirill"]
[Black "Nabaty, Tamir"]
[Result "1/2-1/2"]
[LiveChessVersion "1.4.2"]
[BlackElo "2586"]
[WhiteElo "2510"]

1. d4 {[%clk 1:30:59]} Nf6 {[%clk 1:30:22]} 2. c4 {[%clk 1:31:09]} b6
{[%clk 1:30:28]} 3. Nc3 {[%clk 1:29:41]} Bb7 {[%clk 1:30:50]} 4. Nf3
{[%clk 1:30:03]} e6 {[%clk 1:30:53]} 5. a3 {[%clk 1:30:24]} Ne4 {[%clk 1:30:41]}
6. Nxe4 {[%clk 1:23:15]} Bxe4 {[%clk 1:31:02]} 7. Bg5 {[%clk 1:21:52]} Be7
{[%clk 1:29:24]} 8. Bxe7 {[%clk 1:22:09]} Qxe7 {[%clk 1:29:47]} 9. e3
{[%clk 1:22:18]} Qf6 {[%clk 1:11:19]} 10. Be2 {[%clk 1:18:55]} c5
{[%clk 1:10:07]} 11. O-O {[%clk 1:08:15]} Nc6 {[%clk 1:06:40]} 12. Nd2
{[%clk 0:56:48]} Bg6 {[%clk 1:04:41]} 13. d5 {[%clk 0:50:39]} Ne7
{[%clk 1:03:18]} 14. Bf3 {[%clk 0:43:38]} exd5 {[%clk 0:57:18]} 15. b4
{[%clk 0:35:16]} Bd3 {[%clk 0:46:30]} 16. Re1 {[%clk 0:34:26]} Rc8
{[%clk 0:46:02]} 17. cxd5 {[%clk 0:24:32]} c4 {[%clk 0:45:20]} 18. Be4
{[%clk 0:22:21]} Bxe4 {[%clk 0:35:11]} 19. Nxe4 {[%clk 0:22:50]} Qg6
{[%clk 0:35:35]} 20. Nc3 {[%clk 0:21:39]} O-O {[%clk 0:35:59]} 21. e4
{[%clk 0:22:01]} f5 {[%clk 0:34:34]} 22. d6 {[%clk 0:09:03]} Nc6 {[%clk 0:34:54]}
23. f4 {[%clk 0:03:39]} fxe4 {[%clk 0:31:20]} 24. Rxe4 {[%clk 0:04:07]} Rf6
{[%clk 0:29:52]} 25. Qd5+ {[%clk 0:04:14]} Kh8 {[%clk 0:30:03]} 26. Rd1
{[%clk 0:03:32]} Rcf8 {[%clk 0:29:10]} 27. g3 {[%clk 0:02:19]} Nd8
{[%clk 0:26:58]} 28. Qg5 {[%clk 0:01:28]} Qxg5 {[%clk 0:24:22]} 29. fxg5
{[%clk 0:01:57]} Rf3 {[%clk 0:24:41]} 30. Rxc4 {[%clk 0:01:06]} Ne6
{[%clk 0:21:14]} 31. Ne4 {[%clk 0:01:35]} Rxa3 {[%clk 0:20:19]} 32. h4
{[%clk 0:00:34]} Rb3 {[%clk 0:17:31]} 33. Rf1 {[%clk 0:00:33]} Kg8
{[%clk 0:14:01]} 34. Rxf8+ {[%clk 0:00:56]} Nxf8 {[%clk 0:13:28]} 35. Nc3
{[%clk 0:00:34]} a6 {[%clk 0:13:48]} 36. Nd5 {[%clk 0:00:33]} Rxg3+
{[%clk 0:13:49]} 37. Kf2 {[%clk 0:01:02]} Rd3 {[%clk 0:14:11]} 38. Nxb6
{[%clk 0:00:32]} Rxd6 {[%clk 0:14:35]} 39. Nc8 {[%clk 0:00:37]} Rd3
{[%clk 0:14:11]} 40. Ke2 {[%clk 0:30:56]} Rh3 {[%clk 0:41:53]} 41. Nd6
{[%clk 0:30:23]} h5 {[%clk 0:39:18]} 42. gxh6 {[%clk 0:27:57]} gxh6
{[%clk 0:39:10]} 43. Rg4+ {[%clk 0:26:56]} Kh7 {[%clk 0:36:50]} 44. Ne4
{[%clk 0:23:02]} Ng6 {[%clk 0:30:04]} 45. Nf6+ {[%clk 0:19:43]} 1/2-1/2

[Event "Czech Open A 1-44"]
[Site "?"]
[Date "2013.07.27"]
[Round "9.9"]
[White "Vorobiov, Evgeny E."]
[Black "Mozharov, Mikhail"]
[Result "1/2-1/2"]
[LiveChessVersion "1.4.2"]
[BlackElo "2495"]
[WhiteElo "2585"]

1. d4 {[%clk 1:30:56]} d5 {[%clk 1:30:28]} 2. c4 {[%clk 1:31:17]} c6
{[%clk 1:30:24]} 3. Nf3 {[%clk 1:31:42]} Nf6 {[%clk 1:30:15]} 4. e3
{[%clk 1:32:02]} Bf5 {[%clk 1:30:05]} 5. Nc3 {[%clk 1:32:18]} e6 {[%clk 1:30:28]}
6. Nh4 {[%clk 1:32:34]} Be4 {[%clk 1:30:26]} 7. f3 {[%clk 1:32:41]} Bg6
{[%clk 1:30:49]} 8. Qb3 {[%clk 1:31:44]} Qc7 {[%clk 1:30:34]} 9. Bd2
{[%clk 1:29:10]} Be7 {[%clk 1:30:19]} 10. O-O-O {[%clk 1:16:32]} dxc4
{[%clk 1:27:00]} 11. Qxc4 {[%clk 1:10:45]} a6 {[%clk 1:22:26]} 12. Nxg6
{[%clk 1:05:38]} hxg6 {[%clk 1:16:22]} 13. Qb3 {[%clk 1:02:08]} 1/2-1/2

[Event "Czech Open A 1-44"]
[Site "?"]
[Date "2013.07.27"]
[Round "9.11"]
[White "Plat, Vojtech"]
[Black "Gonda, Laszlo"]
[Result "1/2-1/2"]
[LiveChessVersion "1.4.2"]
[BlackElo "2538"]
[WhiteElo "2447"]

1. e4 {[%clk 1:30:57]} e5 {[%clk 1:29:21]} 2. Nf3 {[%clk 1:31:21]} Nc6
{[%clk 1:29:46]} 3. Bb5 {[%clk 1:31:40]} a6 {[%clk 1:30:08]} 4. Ba4
{[%clk 1:32:06]} Nf6 {[%clk 1:30:32]} 5. d4 {[%clk 1:32:31]} exd4
{[%clk 1:26:31]} 6. O-O {[%clk 1:32:52]} Be7 {[%clk 1:26:05]} 7. Re1
{[%clk 1:33:18]} b5 {[%clk 1:25:09]} 8. e5 {[%clk 1:33:43]} Nxe5 {[%clk 1:23:52]}
9. Nxe5 {[%clk 1:29:57]} bxa4 {[%clk 1:24:02]} 10. Qxd4 {[%clk 1:29:15]} O-O
{[%clk 1:23:59]} 11. Qxa4 {[%clk 1:29:29]} Rb8 {[%clk 1:21:06]} 12. c3
{[%clk 1:20:29]} Re8 {[%clk 1:10:35]} 13. Nd2 {[%clk 1:06:23]} Bd6
{[%clk 0:30:24]} 14. Ndf3 {[%clk 1:04:31]} Rb5 {[%clk 0:19:58]} 15. Bf4
{[%clk 1:01:45]} Bb7 {[%clk 0:20:03]} 16. Bg3 {[%clk 0:54:38]} Re6
{[%clk 0:06:44]} 17. c4 {[%clk 0:53:04]} Rxb2 {[%clk 0:03:30]} 18. Nd4
{[%clk 0:52:00]} Re8 {[%clk 0:02:45]} 19. Nf5 {[%clk 0:48:04]} Bxe5
{[%clk 0:02:54]} 20. Bxe5 {[%clk 0:48:22]} Rb6 {[%clk 0:03:18]} 21. c5
{[%clk 0:46:29]} Rbe6 {[%clk 0:03:37]} 22. Qd4 {[%clk 0:46:56]} g6
{[%clk 0:00:40]} 23. Nh6+ {[%clk 0:44:53]} Kf8 {[%clk 0:01:09]} 24. Re3
{[%clk 0:42:14]} d6 {[%clk 0:01:05]} 25. cxd6 {[%clk 0:42:37]} cxd6
{[%clk 0:01:30]} 26. Bg3 {[%clk 0:33:59]} Kg7 {[%clk 0:01:04]} 27. Ng4
{[%clk 0:32:57]} Re4 {[%clk 0:00:43]} 28. Rxe4 {[%clk 0:31:03]} Rxe4
{[%clk 0:01:08]} 29. Qxf6+ {[%clk 0:31:30]} Qxf6 {[%clk 0:01:31]} 30. Nxf6
{[%clk 0:31:58]} Kxf6 {[%clk 0:01:55]} 31. Bxd6 {[%clk 0:32:26]} h5
{[%clk 0:01:27]} 32. h3 {[%clk 0:31:54]} Ke6 {[%clk 0:01:40]} 33. Bc5
{[%clk 0:32:19]} Kd5 {[%clk 0:00:50]} 34. Be3 {[%clk 0:32:43]} Ra4
{[%clk 0:00:58]} 35. a3 {[%clk 0:33:02]} Rc4 {[%clk 0:00:42]} 1/2-1/2

[Event "Czech Open A 1-44"]
[Site "?"]
[Date "2013.07.27"]
[Round "9.14"]
[White "Teske, Henrik"]
[Black "Kanovsky, David"]
[Result "1-0"]
[LiveChessVersion "1.4.2"]
[BlackElo "2389"]
[WhiteElo "2517"]

1. c4 {[%clk 1:25:52]} c5 {[%clk 1:30:30]} 2. Nc3 {[%clk 1:25:55]} Nc6
{[%clk 1:30:27]} 3. e3 {[%clk 1:24:49]} e5 {[%clk 1:19:02]} 4. Nf3
{[%clk 1:24:56]} Nf6 {[%clk 1:17:52]} 5. d4 {[%clk 1:25:11]} exd4
{[%clk 1:17:27]} 6. exd4 {[%clk 1:25:33]} cxd4 {[%clk 1:17:25]} 7. Nxd4
{[%clk 1:25:52]} Bb4 {[%clk 1:17:00]} 8. Be2 {[%clk 1:25:24]} Ne4
{[%clk 1:02:51]} 9. Ndb5 {[%clk 1:23:16]} O-O {[%clk 0:58:46]} 10. O-O
{[%clk 1:23:29]} Nxc3 {[%clk 0:58:37]} 11. bxc3 {[%clk 1:15:12]} Bc5
{[%clk 0:58:27]} 12. Bf4 {[%clk 1:15:14]} d6 {[%clk 0:53:32]} 13. Nxd6
{[%clk 1:06:47]} Bxd6 {[%clk 0:53:51]} 14. Bxd6 {[%clk 1:06:26]} Re8
{[%clk 0:54:16]} 15. c5 {[%clk 1:03:43]} Be6 {[%clk 0:51:53]} 16. Rb1
{[%clk 0:58:02]} b6 {[%clk 0:48:08]} 17. Bb5 {[%clk 0:55:25]} Bd7
{[%clk 0:46:32]} 18. Qa4 {[%clk 0:45:20]} Qc8 {[%clk 0:37:53]} 19. Ba6
{[%clk 0:30:43]} Na5 {[%clk 0:37:21]} 20. Bxc8 {[%clk 0:31:00]} Bxa4
{[%clk 0:37:48]} 21. Ba6 {[%clk 0:31:21]} Bc2 {[%clk 0:33:02]} 22. Rb2
{[%clk 0:30:25]} Be4 {[%clk 0:32:59]} 23. Rd1 {[%clk 0:26:08]} Rad8
{[%clk 0:24:00]} 24. cxb6 {[%clk 0:22:17]} axb6 {[%clk 0:24:23]} 25. Rxb6
{[%clk 0:20:56]} h6 {[%clk 0:21:30]} 26. f3 {[%clk 0:19:42]} Bc6 {[%clk 0:20:39]}
27. Rd4 {[%clk 0:18:37]} Re1+ {[%clk 0:17:17]} 28. Kf2 {[%clk 0:18:22]} Ra1
{[%clk 0:17:33]} 29. a3 {[%clk 0:18:29]} Rc1 {[%clk 0:17:05]} 30. Bb4
{[%clk 0:17:56]} Rxd4 {[%clk 0:17:48]} 31. cxd4 {[%clk 0:18:16]} Nb3
{[%clk 0:18:02]} 32. Rb8+ {[%clk 0:16:16]} Kh7 {[%clk 0:18:30]} 33. Bd3+
{[%clk 0:16:35]} g6 {[%clk 0:18:55]} 34. Be7 {[%clk 0:15:50]} 1-0

[Event "Czech Open A 1-44"]
[Site "?"]
[Date "2013.07.27"]
[Round "9.16"]
[White "Babula, Vlastimil"]
[Black "Semcesen, Daniel"]
[Result "1/2-1/2"]
[LiveChessVersion "1.4.2"]
[BlackElo "2447"]
[WhiteElo "2583"]

1. d4 {[%clk 1:30:55]} d5 {[%clk 1:30:46]} 2. c4 {[%clk 1:31:16]} dxc4
{[%clk 1:31:05]} 3. e3 {[%clk 1:31:15]} e5 {[%clk 1:31:00]} 4. Bxc4
{[%clk 1:31:26]} exd4 {[%clk 1:31:22]} 5. exd4 {[%clk 1:31:47]} Bd6
{[%clk 1:31:47]} 6. Nf3 {[%clk 1:31:34]} Nf6 {[%clk 1:32:08]} 7. O-O
{[%clk 1:31:22]} O-O {[%clk 1:32:26]} 8. Nc3 {[%clk 1:31:06]} Nc6
{[%clk 1:32:05]} 9. h3 {[%clk 1:30:43]} h6 {[%clk 1:31:31]} 10. Re1
{[%clk 1:30:16]} Re8 {[%clk 1:27:20]} 11. Be3 {[%clk 1:28:28]} a6
{[%clk 1:22:23]} 12. a3 {[%clk 1:13:19]} Bf5 {[%clk 1:13:26]} 13. Nh4
{[%clk 1:08:50]} Bh7 {[%clk 1:08:14]} 14. Qf3 {[%clk 1:06:38]} Qd7
{[%clk 1:07:23]} 15. Rad1 {[%clk 1:06:16]} Ne4 {[%clk 1:01:22]} 16. Nxe4
{[%clk 0:47:16]} Rxe4 {[%clk 0:55:30]} 17. Qh5 {[%clk 0:42:33]} Rae8
{[%clk 0:53:48]} 18. Nf3 {[%clk 0:37:05]} 1/2-1/2